Normal view
MARC view
Entry Personal Name
001 - CONTROL NUMBER
- control field: 83916
003 - CONTROL NUMBER IDENTIFIER
- control field: dpl
005 - DATE AND TIME OF LATEST TRANSACTION
- control field: 20250807110726.0
008 - FIXED-LENGTH DATA ELEMENTS
- fixed length control field: 250807|| aca||aabn | a|a d
040 ## - CATALOGING SOURCE
- Original cataloging agency: dpl
- Transcribing agency: dpl
100 ## - HEADING--PERSONAL NAME
- Personal name: P. Maheswari
670 ## - SOURCE DATA FOUND
- Source citation: Work cat.: (dpl)212922: S. Krishnakumar 83915, The Foundations of Engineering Mathematics-I/ , 2025
